000 00586nam#a22002295a#4500
001 2470
245 1 0 _aPoesía completa /
_cOlga Orozco.
250 _a1ª edic.
260 _aBuenos Aires :
_bAdriana Hidalgo,
_c2014.
300 _a502 p. ;
_c22 cm.
500 _aPertenece a la colección Juan Gelman.
020 _a9789871923830
100 1 _aOrozco, Olga.
080 _a82-1 (82)
084 _aO71
653 _aPoesía Argentina
040 _aAR-ClEAG
_cAR-ClEAG
008 141031s2014####ag############000#0#und#d
005 20241107184745.0
003 AR-ClEAG
942 _cBK
999 _c2470
_d2470
980 _62
_aEvangelina Gallicchio
_82
_gEvangelina Gallicchio